<?xml version="1.0" encoding="UTF-8"?>
<collection xmlns="http://www.loc.gov/MARC21/slim">
 <record>
  <leader>02994cam a2200589 c 4500</leader>
  <controlfield tag="001">1609883349</controlfield>
  <controlfield tag="003">DE-627</controlfield>
  <controlfield tag="005">20251225193853.0</controlfield>
  <controlfield tag="007">tu</controlfield>
  <controlfield tag="008">140709s2013    sp |||||      00| ||spa c</controlfield>
  <datafield tag="020" ind1=" " ind2=" ">
   <subfield code="a">9788494054532</subfield>
  </datafield>
  <datafield tag="035" ind1=" " ind2=" ">
   <subfield code="a">(DE-627)1609883349</subfield>
  </datafield>
  <datafield tag="035" ind1=" " ind2=" ">
   <subfield code="a">(DE-576)409129887</subfield>
  </datafield>
  <datafield tag="035" ind1=" " ind2=" ">
   <subfield code="a">(DE-599)BSZ409129887</subfield>
  </datafield>
  <datafield tag="035" ind1=" " ind2=" ">
   <subfield code="a">(OCoLC)885402831</subfield>
  </datafield>
  <datafield tag="035" ind1=" " ind2=" ">
   <subfield code="a">(BNE)a5469778</subfield>
  </datafield>
  <datafield tag="035" ind1=" " ind2=" ">
   <subfield code="a">(ZDB-21-EIL)2936618</subfield>
  </datafield>
  <datafield tag="040" ind1=" " ind2=" ">
   <subfield code="a">DE-627</subfield>
   <subfield code="b">ger</subfield>
   <subfield code="c">DE-627</subfield>
   <subfield code="e">rakwb</subfield>
  </datafield>
  <datafield tag="041" ind1=" " ind2=" ">
   <subfield code="a">spa</subfield>
  </datafield>
  <datafield tag="044" ind1=" " ind2=" ">
   <subfield code="c">XA-ES</subfield>
  </datafield>
  <datafield tag="050" ind1=" " ind2="0">
   <subfield code="a">MLCS 2017/42346 (N)</subfield>
  </datafield>
  <datafield tag="082" ind1="0" ind2=" ">
   <subfield code="a">704</subfield>
   <subfield code="2">14</subfield>
  </datafield>
  <datafield tag="084" ind1=" " ind2=" ">
   <subfield code="a">9,11</subfield>
   <subfield code="2">ssgn</subfield>
  </datafield>
  <datafield tag="084" ind1=" " ind2=" ">
   <subfield code="a">LH 61090</subfield>
   <subfield code="2">rvk</subfield>
   <subfield code="0">(DE-625)rvk/94209:</subfield>
  </datafield>
  <datafield tag="084" ind1=" " ind2=" ">
   <subfield code="a">LH 61100</subfield>
   <subfield code="2">rvk</subfield>
   <subfield code="0">(DE-625)rvk/94210:</subfield>
  </datafield>
  <datafield tag="100" ind1="1" ind2=" ">
   <subfield code="a">Aznar Almazán, Sagrario</subfield>
   <subfield code="0">(DE-588)188387536</subfield>
   <subfield code="0">(DE-627)699316111</subfield>
   <subfield code="0">(DE-576)135259282</subfield>
   <subfield code="4">aut</subfield>
  </datafield>
  <datafield tag="245" ind1="1" ind2="0">
   <subfield code="a">Insensatos</subfield>
   <subfield code="b">sobre la representación de la locura</subfield>
   <subfield code="c">Yayo Aznar Almazán</subfield>
  </datafield>
  <datafield tag="250" ind1=" " ind2=" ">
   <subfield code="a">1. ed.</subfield>
  </datafield>
  <datafield tag="264" ind1=" " ind2="1">
   <subfield code="a">Murcia</subfield>
   <subfield code="b">Micromegas</subfield>
   <subfield code="c">2013</subfield>
  </datafield>
  <datafield tag="300" ind1=" " ind2=" ">
   <subfield code="a">126 S.</subfield>
   <subfield code="b">Ill.</subfield>
   <subfield code="c">20 cm</subfield>
  </datafield>
  <datafield tag="336" ind1=" " ind2=" ">
   <subfield code="a">Text</subfield>
   <subfield code="b">txt</subfield>
   <subfield code="2">rdacontent</subfield>
  </datafield>
  <datafield tag="337" ind1=" " ind2=" ">
   <subfield code="a">ohne Hilfsmittel zu benutzen</subfield>
   <subfield code="b">n</subfield>
   <subfield code="2">rdamedia</subfield>
  </datafield>
  <datafield tag="338" ind1=" " ind2=" ">
   <subfield code="a">Band</subfield>
   <subfield code="b">nc</subfield>
   <subfield code="2">rdacarrier</subfield>
  </datafield>
  <datafield tag="500" ind1=" " ind2=" ">
   <subfield code="a">Bibliografía: p. 123-126</subfield>
  </datafield>
  <datafield tag="650" ind1=" " ind2="0">
   <subfield code="a">Enfermedades mentales</subfield>
   <subfield code="x">En el arte</subfield>
  </datafield>
  <datafield tag="655" ind1=" " ind2="7">
   <subfield code="a">Aufsatzsammlung</subfield>
   <subfield code="0">(DE-588)4143413-4</subfield>
   <subfield code="0">(DE-627)105605727</subfield>
   <subfield code="0">(DE-576)209726091</subfield>
   <subfield code="2">gnd-content</subfield>
  </datafield>
  <datafield tag="689" ind1="0" ind2="0">
   <subfield code="d">s</subfield>
   <subfield code="0">(DE-588)4114333-4</subfield>
   <subfield code="0">(DE-627)105822957</subfield>
   <subfield code="0">(DE-576)209483733</subfield>
   <subfield code="a">Kunst</subfield>
   <subfield code="2">gnd</subfield>
  </datafield>
  <datafield tag="689" ind1="0" ind2="1">
   <subfield code="d">s</subfield>
   <subfield code="0">(DE-588)4293233-6</subfield>
   <subfield code="0">(DE-627)104198346</subfield>
   <subfield code="0">(DE-576)210934611</subfield>
   <subfield code="a">Wahnsinn</subfield>
   <subfield code="2">gnd</subfield>
  </datafield>
  <datafield tag="689" ind1="0" ind2="2">
   <subfield code="d">s</subfield>
   <subfield code="0">(DE-588)4045791-6</subfield>
   <subfield code="0">(DE-627)106200259</subfield>
   <subfield code="0">(DE-576)209066873</subfield>
   <subfield code="a">Philosophie</subfield>
   <subfield code="2">gnd</subfield>
  </datafield>
  <datafield tag="689" ind1="0" ind2="3">
   <subfield code="d">s</subfield>
   <subfield code="0">(DE-588)4783825-5</subfield>
   <subfield code="0">(DE-627)389675725</subfield>
   <subfield code="0">(DE-576)216358329</subfield>
   <subfield code="a">Bildwissenschaft</subfield>
   <subfield code="2">gnd</subfield>
  </datafield>
  <datafield tag="689" ind1="0" ind2=" ">
   <subfield code="5">(DE-627)</subfield>
  </datafield>
  <datafield tag="787" ind1="0" ind2="8">
   <subfield code="i">Rezensiert in</subfield>
   <subfield code="a">López Díaz, Jesús, 1971 - </subfield>
   <subfield code="t">[Rezension von: Yayo Aznar Almazán, Insensatos. Sobre la representación de la locura]</subfield>
   <subfield code="d">2014</subfield>
   <subfield code="w">(DE-627)1928898351</subfield>
  </datafield>
  <datafield tag="856" ind1="4" ind2="2">
   <subfield code="u">https://swbplus.bsz-bw.de/bsz409129887inh.htm</subfield>
   <subfield code="m">B:DE-576;DE-14</subfield>
   <subfield code="q">application/pdf</subfield>
   <subfield code="v">20141017131802</subfield>
   <subfield code="x">Verlag</subfield>
   <subfield code="3">Inhaltsverzeichnis</subfield>
   <subfield code="7">1</subfield>
  </datafield>
  <datafield tag="936" ind1="r" ind2="v">
   <subfield code="a">LH 61090</subfield>
   <subfield code="b">Bildforschung; Bildwissenschaft; visual culture studies (insbes. Sammelbände und Reihen)</subfield>
   <subfield code="k">Kunstgeschichte</subfield>
   <subfield code="k">Allgemeines. Allgemeine Kunstgeschichte</subfield>
   <subfield code="k">Theorie und Praxis der Bildenden Kunst</subfield>
   <subfield code="k">Theorie der Bildenden Kunst</subfield>
   <subfield code="k">Bildforschung; Bildwissenschaft; visual culture studies (insbes. Sammelbände und Reihen)</subfield>
   <subfield code="0">(DE-627)1479151343</subfield>
   <subfield code="0">(DE-625)rvk/94209:</subfield>
   <subfield code="0">(DE-576)409151343</subfield>
  </datafield>
  <datafield tag="936" ind1="r" ind2="v">
   <subfield code="a">LH 61100</subfield>
   <subfield code="b">Beziehungen der Kunst zu anderen Gebieten (z.B. Kunst und Religion, Kunst und Moral)</subfield>
   <subfield code="k">Kunstgeschichte</subfield>
   <subfield code="k">Allgemeines. Allgemeine Kunstgeschichte</subfield>
   <subfield code="k">Theorie und Praxis der Bildenden Kunst</subfield>
   <subfield code="k">Theorie der Bildenden Kunst</subfield>
   <subfield code="k">Beziehungen der Kunst zu anderen Gebieten (z.B. Kunst und Religion, Kunst und Moral)</subfield>
   <subfield code="0">(DE-627)1270641689</subfield>
   <subfield code="0">(DE-625)rvk/94210:</subfield>
   <subfield code="0">(DE-576)200641689</subfield>
  </datafield>
  <datafield tag="951" ind1=" " ind2=" ">
   <subfield code="a">BO</subfield>
  </datafield>
  <datafield tag="990" ind1=" " ind2=" ">
   <subfield code="a">Kunst</subfield>
  </datafield>
  <datafield tag="990" ind1=" " ind2=" ">
   <subfield code="a">Wahnsinn</subfield>
  </datafield>
  <datafield tag="990" ind1=" " ind2=" ">
   <subfield code="a">Philosophie</subfield>
  </datafield>
  <datafield tag="990" ind1=" " ind2=" ">
   <subfield code="a">Bildwissenschaft</subfield>
  </datafield>
  <datafield tag="991" ind1=" " ind2=" ">
   <subfield code="a">Rezensiertes Werk</subfield>
  </datafield>
  <datafield tag="999" ind1=" " ind2=" ">
   <subfield code="a">KXP-PPN1609883349</subfield>
   <subfield code="e">4930012708</subfield>
  </datafield>
 </record>
</collection>
